Pride and prejudice / (Record no. 164088)

MARC details
000 -LEADER
fixed length control field 00776nam a22002057a 4500
005 - DATE AND TIME OF LATEST TRANSACTION
control field 20190711123802.0
010 ## - LCCN (DPL NO)
LC control number B-728277
020 ## - INTERNATIONAL STANDARD BOOK NUMBER
Terms of availability 199.00
International Standard Book Number 9788188951437
035 ## - SYSTEM CONTROL NUMBER
System control number B-728277
037 ## - SOURCE OF ACQUISITION
Source of stock number/acquisition Aksharesh Enterprises
082 ## - DEWEY DECIMAL CLASSIFICATION NUMBER
Classification number N
100 ## - MAIN ENTRY--PERSONAL NAME
Personal name Austen,Jane
245 ## - TITLE STATEMENT
Title Pride and prejudice /
Statement of responsibility, etc by Jane Austen ; introduction by Kaushal Goyal
260 ## - PUBLICATION, DISTRIBUTION, ETC. (IMPRINT)
Place of publication, distribution, etc New York
Name of publisher, distributor, etc Pigeon Books
Date of publication, distribution, etc 2018 (repr.)
270 ## - ADDRESS
Address 16, Ansari Road, (Opp. Saraswati School), Daryaganj
City New Delhi
Postal code 110002
300 ## - PHYSICAL DESCRIPTION
Extent xxiv, 337p.:
Dimensions 18cm(pbk)
700 ## - ADDED ENTRY--PERSONAL NAME
Personal name Goyal, Kaushal
942 ## - ADDED ENTRY ELEMENTS (KOHA)
Source of classification or shelving scheme Dewey Decimal Classification
Item type English Books
Classification part N
Call number suffix AUS
Holdings
Withdrawn status Lost status Not for loan Collection code Home library Current library Date acquired Source of acquisition Cost, normal purchase price Full call number Barcode Copy number Cost, replacement price Koha item type
      Non-fiction Patel Nagar Patel Nagar 09/05/2019 Aksharesh Enterprises/0016/06-05-19/04/23-04-19/08-05-19 199.00 N AUS B-728277 1 199.00 English Books

© Delhi Public Library
Hit Counter
free hit counter